Cinquanta-quatre relats d'immigració / Jaume Botey Vallès
Descripción Física:
232 p. : il. ; 23'5 cm
MARC
| LEADER | 00000nam a2200000Ia 4500 | ||
|---|---|---|---|
| 001 | 2050 | ||
| 008 | 160829s1986 xx 000 0 cat d | ||
| 080 | |a M-2-64 | ||
| 100 | 1 | |a Botey Vallès, Jaume, |d 1940-2018 |9 19 | |
| 245 | |a Cinquanta-quatre relats d'immigració / Jaume Botey Vallès | ||
| 260 | |a Barcelona : |b Diputació de Barcelona : |b Centre d'Estudis de l'Hospitalet, |c 1986 | ||
| 300 | |a 232 p. : |b il. ; |c 23'5 cm | ||
| 650 | |a Hospitalet de Llobregat |x Emigració i immigració |x S. XX |9 31786 | ||
| 651 | 0 | |a Catalunya |x Emigració i immigració |9 53951 | |
| 710 | 2 | |a Centre d'Estudis de l'Hospitalet |9 52935 | |
| 901 | |a Arxiu | ||
| 942 | |n 1 | ||
| 952 | |0 0 |1 0 |4 0 |6 M264 |7 1 |9 45756 |a Arxiu |b Arxiu |d 2016-12-01 |l 0 |o M-2-64 |p 2050 |r 2016-12-01 00:00:00 |w 2016-12-01 |y ARXIU | ||
| 999 | |c 49256 |d 49256 | ||